000 01092nam a22002777a 4500
999 _c65010
_d65010
005 20240530110802.0
008 190212s2018 ua g 000 fdara d
017 _a2016/14746
_bمصر. دار الكتب
020 _a9789779207407
040 _aEG-CaGPL
_cEG-CaGPL
082 0 4 _221
_a895.6 /
_bك م
100 1 _aكاواباتا، ياسونارى
245 1 0 _aمحبون /
_cياسونارى كاواباتا ؛ ترجمة وليد فاروق ابراهيم
250 _aط.1
260 _aالقاهرة :
_bالمركز القومى للترجمة ،
_c2018.
300 _a195 ص. ؛
_c24 سم.
490 0 _aالمركز القومى للترجمة ؛
_v2488.
500 _aاول اديب يابانى يحصل على جائزة نوبا للادب 1968
650 0 7 _2qrmak
_aالادب اليابانى
650 0 7 _2qrmak
_aالقصص اليابانية
650 0 7 _2qrmak
_aالقصص اليابانية المترجمة
651 _2qrmak
700 0 _aوليد فاروق ابراهيم
_eمترجم
942 _2ddc
_cBK